书目信息 |
| 题名: |
人体组织学与解剖学
|
|
| 作者: | 周美娟 主编 | |
| 分册: | ||
| 出版信息: | 北京 高等教育出版社 1999 |
|
| 页数: | 326页 | |
| 开本: | 26cm | |
| 丛书名: | ||
| 单 册: | ||
| 中图分类: | R32 | |
| 科图分类: | ||
| 主题词: | 人体组织学--医学院校--教材 , 人体形态学 , 人体解剖学--医学院校--教材 | |
| 电子资源: | ||
| ISBN: | 7-04-007257-2 | |
| 000 | 01042nam0 2200301 45 | |
| 001 | 0631282718 | |
| 005 | 20070727095436.64 | |
| 010 | @a7-04-007257-2@dCNY17.70 | |
| 100 | @a20060704d1999 y0chiy0110 ea | |
| 101 | 0 | @achi |
| 102 | @aCN@b110000 | |
| 105 | @aao z 000yy | |
| 106 | @ar | |
| 200 | 1 | @a人体组织学与解剖学@Aren ti zu zhi xue yu jie pou xue@f周美娟等主编@Fzhou mei juan deng zhu bian |
| 205 | @a3版 | |
| 210 | @a北京@c高等教育出版社@d1999@h2004 | |
| 215 | @a326页@c图,彩图@d26cm | |
| 300 | @a高等学校教材 | |
| 312 | @a封底英文题名:Human histology and anatomy | |
| 330 | @a本书内容主要包括人体基本组织、运动系统、循环系统、免疫系统、消化系统、呼吸系统、泌尿系统、生殖系统、内分泌系统、感觉器、神经系统和人体胚胎发育概论等十二章内容。 | |
| 510 | 1 | @aHuman histology and anatomy@zeng |
| 606 | 0 | @a人体组织学@x医学院校@j教材 |
| 606 | 0 | @a人体形态学 |
| 606 | 0 | @a人体解剖学@x医学院校@j教材 |
| 690 | @aR32@v3 | |
| 701 | 0 | @a周美娟@Azhou mei juan@4主编 |
| 801 | 0 | @c20070727 |
| 905 | @a10447@dR32@e173=3 | |
| 人体组织学与解剖学/周美娟等主编.-3版.-北京:高等教育出版社,1999(2004) |
| 326页:图,彩图;26cm |
| 高等学校教材 |
| ISBN 7-04-007257-2:CNY17.70 |
| 本书内容主要包括人体基本组织、运动系统、循环系统、免疫系统、消化系统、呼吸系统、泌尿系统、生殖系统、内分泌系统、感觉器、神经系统和人体胚胎发育概论等十二章内容。 |
| ● |
| 相关链接 |
|
|
|
|
正题名:人体组织学与解剖学
索取号:R32/173=3
 
预约/预借
| 序号 | 登录号 | 条形码 | 馆藏地/架位号 | 状态 | 备注 |
| 1 | 0662029 | 206620290 | 第二样本阅览室/ [索取号:R32/173=3] | 在馆 | |
| 2 | 0764561 | 207645618 | 密集书库/ [索取号:R32/173=3] | 在馆 | |
| 3 | 0764907 | 207649071 | 密集书库/ [索取号:R32/173=3] | 在馆 | |
| 4 | 0776934 | 207769342 | 库房3/ [索取号:R32/173=3] | 在馆 | |
| 5 | 0776935 | 207769351 | 库房3/ [索取号:R32/173=3] | 在馆 | |
| 6 | 0776936 | 207769360 | 库房3/ [索取号:R32/173=3] | 在馆 | |
| 7 | 0776937 | 207769379 | 库房3/ [索取号:R32/173=3] | 在馆 | |
| 8 | 0776938 | 207769388 | 库房3/ [索取号:R32/173=3] | 在馆 | |
| 9 | 0778176 | 207781765 | 密集书库/ [索取号:R32/173=3] | 在馆 | |
| 10 | 0787595 | 207875959 | 密集书库/ [索取号:R32/173=3] | 在馆 | |
| 11 | 0788615 | 207886153 | 密集书库/ [索取号:R32/173=3] | 在馆 |